000 00411nam a2200145Ia 4500
008 231129s2001||||xx |||||||||||||| ||spa||
020 _a958-30-0782-X
040 _bspa
082 _aCo860.4 R173d
100 _aRamirez Gomez Liliana
245 0 _aEstudio literario de la Voragine : Jose Eustasio Rivera
260 _c2001
264 _aPanamericana
942 _2ddc
_cBKS
999 _c13641
_d13641